Movie scores composers - Statistics

General Stats
  • This quiz has been taken 74 times
  • The average score is 9 of 30
Answer Stats
Hint Answer % Correct
Predator / Forrest Gump Alan Silvestri
73%
Edward Scissorhands / Desperate Housewives Danny Elfman
63%
Braveheart / Avatar James Horner
60%
Saving Private Ryan / Memoirs of a Geisha John Williams
60%
Chariots of Fire / Blade Runner Vangelis
56%
A Fistful of Dollars / Holocaust 2000 Ennio Morricone
52%
Sherlock Holmes / The Crown Hans Zimmer
49%
Out of Africa / Goldfinger John Barry
49%
Finding Nemo / Erin Brockovich Thomas Newman
43%
Alien / Basic Instinct Jerry Goldsmith
40%
The Silence of the Lambs / The Aviator Howard Shore
32%
Game of Thrones / Iron Man Ramin Djawadi
29%
The Imitation Game / The Queen Alexandre Desplat
27%
Cloverfield / Jurassic World Michael Giacchino
27%
Amélie / Good Bye Lenin Yann Tiersen
25%
Pretty Woman / The Village James Newton Howard
24%
Fatal Attraction / Lawrence of Arabia Maurice Jarre
24%
The Little House / Princess Mononoke Joe Hisaishi
22%
Armageddon / 12 Rounds Trevor Rabin
21%
Brokeback Mountain / The Book of Life Gustavo Santaolalla
17%
The Island / Battleship Steve Jablonsky
17%
Constantine / Fast & Furious Brian Tyler
14%
Antz / Kingdom of Heaven Harry Gregson-Williams
14%
Nanny McPhee / Eragon Patrick Doyle
14%
Bridget Jones's Baby / World Trade Center Craig Armstrong
10%
Dear Louise / Platoon Georges Delerue
10%
The Last of the Mohicans / The Mask Randy Edelmann
10%
V for Vendetta / Agora Dario Marianelli
8%
Mona Lisa Smile / The Lake House Rachel Portman
5%
Notting Hill / Dark City Trevor Jones
5%
No matching quizzes found
Score Distribution
Percent of People with Each Score
Percentile by Number Answered
Your Score History
You have not taken this quiz